| 000 | 02377nam a2200325 c 4500 | ||
|---|---|---|---|
| 003 | BLK | ||
| 005 | 20230813003913.0 | ||
| 008 | 180411b bul|||||r ||||||| ||bul|| | ||
| 010 | _aKNG00193920000 | ||
| 040 | _aBLK | ||
| 041 |
_aBUL _cBUL |
||
| 080 |
_aРуска литература _b821.161.1 _x-1 _z821.161.1-1 |
||
| 100 | 1 |
_aЕсенин, Сергей Александрович _eпърви автор _967611 |
|
| 700 | 1 |
_aКадийски, Кирил Крумов _eподб. и ред. _9364061 |
|
| 700 | 1 |
_aГерманов, Андрей Димитров _d1932-1981 _953612 |
|
| 700 | 1 |
_aКадийски, Кирил Крумов _eпрев. от рус. _9364061 |
|
| 139 |
_aЕсенин, Сергей Александрович _bЕ 86 |
||
| 245 | 1 | 0 |
_aЛирика _cСергей Александрович Есенин; подб. и ред. Кирил Крумов Кадийски; с предг. от Андрей Димитров Германов; прев. от рус. Кирил Крумов Кадийски. |
| 257 | _aSUN | ||
| 260 |
_аСофия _bНар. култура _c1980 |
||
| 300 |
_a239 с., 1 л. портр. _c17 см |
||
| 380 | _aX | ||
| 500 | _aДруги прев.: А. Стоянов, А. Германов, А. Миланов, Д. Дамянов, Н. Фурнаджиев, П. Стефанов, Б. Димитрова, М. Исаев, Н. Кехлибарева, Хр. Радевски, Е. Багряна, Т. Харманджиев, Ив. Радоев, Хр. Банковски, Й. Милев, Л. Исаева, Д. Златев, Св. Жеков, В. Хинкова, Ив. Бонев, Н. Йорданов ; Истинското име на прев. Е. Багряна е Елисавета Любомирова Белчева, а на Т. Харманджиев - Тодор Александров Илиев ; Пълното име на прев. М. Исаев е Младен Исаев Младенов, на А. Миланов - Александър Миланов Александров, а на П. Стефанов - Първан Стефанов Рангелов. - 20 125 тир. | ||
| 852 | _aЦб І 18518 | ||
| 856 | 4 |
_qpdf _u |
|
| 856 | 4 |
_qpdf _u |
|
| 942 |
_cKNG _n0 _02 |
||
| 944 |
_aCR _c19.10.2016 _k _lCRON CRON |
||
| 944 |
_aED _c19.10.2016 _kКина_Георгиева |
||
| 999 |
_c184943 _d184943 |
||